02093 a2200217 45000010006000000050017000060080041000230030015000640400040000790800033001192450031001520200018001832640032002013000026002335051450002590410008017091000017017177000021017347000021017558560099017764983120260407155759.0260407a2004 arg spa dAR-UNSa-BCEJYS aAR-UNSa-BCEJYSbspacAR-UNSa-BCEJYS a330.101.542xMicroeconomía10aMicroeconomía intermedia a84-481-4182-2 1aMadrid :bMcGraw-Hillc2004 axxiii, 442 p.c25 cm. a1. Introducción – 2. Las ganancias derivadas del intercambio – 3. Los bienes discretos: precios de reserva, oferta y demanda, y excedentes – 4. Los bienes continuos. Oferta, demanda y excedentes – 5. Las preferencias – 6. La oferta y la demanda cuando la renta aparecen como dotación – 7. La demanda cuando la renta aparece como dinero – 8. El intercambio – 9. El bienestar - 10. La empresa y la tecnología – 11. La minimización de costes y la demanda de factores – 12. Las curvas de costes – 13. La oferta de la empresa y el excedente del productor – 14. La frontera de posibilidades de producción – 15. La producción y el intercambio – 16. Evidencia empírica sobre la oferta, la demanda y los excedentes – 17. La agregación de variables – 18. Las preferencias reveladas y la tecnología revelada – 19. Variaciones compensatorias y equivalentes – 20. La elección intertemporal – 21. El modelo de utilidad descontada – 22. El intercambio en los mercados de capital – 23. La elección bajo riesgo – 24. El modelo de utilidad esperada – 25. El intercambio en los mercados de seguros – 26. El mercado de trabajo – 27. Los impuestos – 28. El monopolio y el monopsonio – 29. El monopolio natural y la discriminación de precios – 30. La teoría de juegos – 31. El duopolio – 32. Las externalidades – 33. Los bienes públicos – 34. La información asimétrica.  aspa1 aHey, John D.1 aTrinidad, Gloria1 aFlamini, Esteban41uhttps://www.biblioeco.unsa.edu.ar/pmb/images/libros/L128209.jpgyImagen de portadaqimage/jpeg